Logo BPK

Biblioteka

Politechniki Koszalińskiej

Nieruchomość a rynek / (Rekord nr 44877)

Szczegóły MARC
000 -ETYKIETA REKORDU
podpole kontrolne o stałej długości 01245nam a2200397 i 4500
001 - NUMER KONTROLNY REKORDU
pole kontrolne 44877
003 - IDENTYFIKATOR NUMERU KONTROLNEGO REKORDU
podpole kontrolne KOSZ 005
005 - DATA OSTATNIEJ MODYFIKACJI REKORDU
podpole kontrolne 20240405063147.0
008 - POLE O STAŁEJ DŁUGOŚCI - DANE KONTROLNE
podpole kontrolne o stałej długości 041015s2004 pl a f |000 0 pol
020 ## - MIĘDZYNARODOWY ZNORMALIZOWANY NUMER KSIĄŻKI - ISBN
ISBN 8301129166
040 ## - ŹRÓDŁO KATALOGOWANIA
Instytucja, która utworzyła rekord KOSZ 005
Instytucja, która sporządziła opis KOSZ 005
Instytucja, która dokonała modyfikacji KOSZ 005/HR
041 0# - KOD JĘZYKA
Kod języka tekstu pol
046 ## - DATY KODOWANE
Pojedyncza data lub początek okresu powstania dzieła lub zbioru dzieł 1999
080 ## - UNIWERSALNA KLASYFIKACJA DZIESIĘTNA - UKD
UKD 332.7(438)"1989/..."
100 1# - NAZWA OSOBOWA
Nazwa osobowa Kucharska-Stasiak, Ewa
Określenie rodzaju współpracy Autor
245 10 - TYTUŁ/ODPOWIEDZIALNOŚĆ
Tytuł Nieruchomość a rynek /
Pozostałe elementy strefy tytułu i oznaczenia odpowiedzialności Ewa Kucharska-Stasiak.
250 ## - STREFA WYDANIA
Oznaczenie wydania Wyd. 2 zm. (dodr. 3).
260 ## - STREFA ADRESU WYDAWNICZEGO
Miejsce wydania Warszawa :
Nazwa wydawcy/dystrybutora Wydaw. Naukowe PWN,
Data publikacji, dystrybucji/powstania dokumentu 2004.
300 ## - STREFA OPISU FIZYCZNEGO
Objętość 261, [3] s. :
Inne cechy fizyczne il. ;
Rozmiary 21 cm.
336 ## - TYP ZAWARTOŚCI
Źródło (terminu i kodu) rdacontent
Termin opisujący typ zawartości Tekst
Kod określający zawartość txt
337 ## - TYP MEDIÓW
Źródło (terminu i kodu) rdamedia
Tryb odtwarzania Bez urządzenia pośredniczącego
Kod typu mediów n
338 ## - TYP/RODZAJ NOŚNIKA
Źródło (terminu i kodu) rdacarrier
Hasło opisujące typ nośnika Wolumin
Kod typu nośnika nc
380 ## - FORMA I TYP PUBLIKACJI
Forma i typ publikacji Książki
388 ## - CZAS POWSTANIA
Czas powstania 1901-2000
388 ## - CZAS POWSTANIA
Czas powstania 1989-2000
504 ## - UWAGA DOTYCZĄCA BIBLIOGRAFII
Informacje o bibliografii Bibliogr.
648 #7 - HASŁO PRZEDMIOTOWE - TERMIN CHRONOLOGICZNY
Termin chronologiczny 1901-2000
648 #7 - HASŁO PRZEDMIOTOWE - TERMIN CHRONOLOGICZNY
Termin chronologiczny 1989-2000
650 #7 - HASŁO PRZEDMIOTOWE W FORMIE NAZWY OGÓLNEJ LUB JEDNOSTKOWEJ
Nazwa ogólna lub geograficzna Rynek nieruchomości
650 #7 - HASŁO PRZEDMIOTOWE W FORMIE NAZWY OGÓLNEJ LUB JEDNOSTKOWEJ
Nazwa ogólna lub geograficzna Inwestycje
651 #7 - HASŁO PRZEDMIOTOWE W FORMIE NAZWY GEOGRAFICZNEJ
Nazwa geograficzna Polska
658 ## - TERMIN INDEKSOWY - PRZEDMIOT PROGRAMU NAUCZANIA
Główny przedmiot programu nauczania Gospodarka, ekonomia, finanse
710 2# - HASŁO DODATKOWE - NAZWA CIAŁA ZBIOROWEGO
Nazwa ciała zbiorowego lub jednostki geograficznej Wydawnictwo Naukowe PWN
Kod określenia powiązania pbl.
856 ## - LOKALIZACJA I DOSTĘP DO ELEKTRONICZNYCH DOKUMENTÓW ZDALNYCH
Link (URL) http://koha.tu.koszalin.pl/cgi-bin/koha/opac-detail.pl?biblionumber=44877
Tekst linku Katalog online BPK
942 ## - DODATKOWE ELEMENTY (KOHA)
Typ dokumentu Książka
Schemat klasyfikacji Uniwersalna Klasyfikacja Dziesiętna
Egzemplarze
Wycofany Status egzemplarza Uszkodzony Dostępność Lokalizacja stała Lokalizacja bieżąca Numer ubytku Sygnatura Kod kreskowy Typ dokumentu Miejsce przechowywania Status: wypożyczony Ostatnio wypożyczono
  Egz. niedostępny   Niedostępny Biblioteka Politechniki Koszalińskiej Biblioteka Politechniki Koszalińskiej 15444 72652 02185248 Książka      
      Dostępny Biblioteka Politechniki Koszalińskiej Biblioteka Politechniki Koszalińskiej   72653 02185231 Książka Wypożyczalnia BG 02.07.2026 12.03.2025
  Egz. niedostępny   Niedostępny Biblioteka Politechniki Koszalińskiej Biblioteka Politechniki Koszalińskiej 16873 72654 02185224 Książka     06.03.2019
© 2023 Biblioteka Politechniki Koszalińskiej :: KOHA